000
00292nam a22001337a 4500
008
170801b xxu||||| |||| 00| 0 eng d
020
_a
3528047119
041
_a
ger
080
_a
004
100
_a
32
101
_a
SHK
245
_a
PROGRAMMIEREN MIT POSTSCRIPT
_c
SOKER,W
942
_2
udc
_c
BK
999
_c
22333
_d
22333